000 00509nam a2200145Ia 4500
008 230917s9999||||xx |||||||||||||| ||und||
040 _e205061
_aMAIN
041 _aEnglish
082 _a891.49150301611 NK121:CR
100 _aचहल, रामफल
245 0 _aपं. कृष्ण चन्द्र 'नादान' : हरिणवी ग्रन्थावली
260 _aकैथल
_bसुकीर्ति प्रकाशन
_c2012
300 _a319 पृ. p.
942 _cHN
999 _c158057
_d158057